A House-Boat on the Styx / (Record no. 37934)

MARC details
000 -LEADER
fixed length control field 00713nam a22002177a 4500
005 - DATE AND TIME OF LATEST TRANSACTION
control field 2010072205365.0
010 ## - LCCN (DPL NO)
LC control number ENG-97085
020 ## - INTERNATIONAL STANDARD BOOK NUMBER
Terms of availability 150.00
035 ## - SYSTEM CONTROL NUMBER
System control number EN-80618
037 ## - SOURCE OF ACQUISITION
Source of stock number/acquisition DBAD/PUB
082 ## - DEWEY DECIMAL CLASSIFICATION NUMBER
Classification number 813.4
100 ## - MAIN ENTRY--PERSONAL NAME
Personal name Bangs, John Kendrick
245 ## - TITLE STATEMENT
Title A House-Boat on the Styx /
Statement of responsibility, etc by John Kendrick Bangs
260 ## - PUBLICATION, DISTRIBUTION, ETC. (IMPRINT)
Place of publication, distribution, etc Jaipur
Name of publisher, distributor, etc Mansha Solutions
Date of publication, distribution, etc 2009
270 ## - ADDRESS
City Jaipur
Address 958, Floor 2, Dhamani Street Chaura Rasta,
Postal code 302003
300 ## - PHYSICAL DESCRIPTION
Extent 96 p.
Dimensions 22 cm (Hb)
700 ## - ADDED ENTRY--PERSONAL NAME
9 (RLIN) 1438
700 ## - ADDED ENTRY--PERSONAL NAME
9 (RLIN) 1585
942 ## - ADDED ENTRY ELEMENTS (KOHA)
Source of classification or shelving scheme Dewey Decimal Classification
Item type English Books
Call number suffix BAN
Classification part 813.4
Holdings
Withdrawn status Lost status Not for loan Collection code Home library Current library Date acquired Source of acquisition Cost, normal purchase price Full call number Barcode Copy number Cost, replacement price Koha item type
    Not For Loan Non-fiction D.B.Act.Division D.B.Act.Division 27/07/2010 DBAD/PUB 150.00 813.4 BAN EN-80618 1 150.00 English Books

© Delhi Public Library
Hit Counter
free hit counter